000 00322nam a2200133 i 4500
001 bg
100 1 _aMAURET, Elie
245 0 _aPour un equilibie des villes et des compaqnes... /
_cElie Mauret.
260 _aParis,
_c1974.
040 _cBPK
041 _apol
942 _cKS
008 s pl f |000 0 pol
999 _c27238
_d27238
856 _uhttp://koha.tu.koszalin.pl/cgi-bin/koha/opac-detail.pl?biblionumber=27238
_yKatalog online BPK